000 01423nam a22002777a 4500
005 20240530110516.0
008 160201s2013 ua ad g b 000 0 ara d
017 _a2013/19683
_bمصر . دار الكتب المصرية
040 _aEG-CaGPL
082 0 4 _221
_a379
_bق/ن هـ
245 0 0 _aهل للتعليم جدوى ؟ :
_bدراسة مسيحية لعوائد التعليم العام و الخاص فى مصر /
_cتحرير نادين مراد سيكا
260 _aالقاهرة :
_bشركاء التنمية للبحوث و الاستشارات و التدريب ،
_c2013 .
300 _a303 ص ؛
_c24 سم .
504 _aيشتمل على ارجاعات ببليوجرافية
650 0 4 _aالتعليم الخاص
_zمصر
650 0 4 _aالتعليم الخاص
_xالجوانب الاقتصادية
_zمصر
650 0 4 _aالتعليم الخاص
_xالقيم الاجتماعية
_zمصر
650 0 4 _aالتعليم الخاص
_xالبحوث التربوية
_zمصر
650 0 4 _aالتعليم العالى
_xالجوانب الاقتصادية
_zمصر
650 0 4 _aالتعليم العالى
_xالقيم الاجتماعية
_zمصر
650 0 4 _aالتعليم العالى
_xالبحوث التربوية
_zمصر
650 0 4 _aالتعليم الجامعى
700 0 _aنادين مراد سيكا
_eمحرر
942 _2ddc
_cBK
999 _c61789
_d61789